[Event "XIII C.to Europeo a squadre"]
[Site "Leon ESP"]
[Date "2001.11.10"]
[Round "5.3"]
[White "D'Amore, Carlo"]
[Black "Pinheiro, Jose'"]
[Result "1/2-1/2"]
[WhiteElo "2456"]
[BlackElo "2339"]
[Annotator "ITA-POR"]
[PlyCount "123"]
[EventDate "2001.11.06"]

1.Nf3 Nf6 2.g3 c5 3.c4 Nc6 4.d4 cxd4 5.Nxd4 Qa5+ 6.Nc3 Ne4 7.Nb5 a6 8.Nc7+
Qxc7 9.Nxe4 d6 10.Bg2 e6 11.O-O Be7 12.Bf4 e5 13.Be3 Be6 14.Nc3 O-O 15.Nd5
Bxd5 16.cxd5 Nd4 17.Bxd4 exd4 18.Qxd4 Bf6 19.Qd2 Qb6 20.Bh3 Rfe8 21.e3 Re4
22.Rab1 Rb4 23.b3 a5 24.Qd3 g6 25.a4 Re8 26.Rfc1 h5 27.Bd7 Re7 28.Rc8+ Kg7
29.Bb5 Rbe4 30.Kg2 h4 31.Rbc1 R4e5 32.R1c4 Rf5 33.gxh4 Rh5 34.Re4 Rc7 35.
Rxc7 Qxc7 36.Qc4 Qb6 37.h3 Be5 38.Rg4 Qd8 39.f4 Bf6 40.Qe4 Rxh4 41.Rxh4 
Bxh4 42.Qd4+ Qf6 43.Qxf6+ Kxf6 44.Kf3 Be1 45.Ke2 Bb4 46.h4 b6 47.Bd7 Ke7 
48.Bc8 Kd8 49.Bg4 Ke7 50.Bc8 Kd8 51.Ba6 Ke7 52.e4 Kf6 53.Kf3 Be1 54.Kg4 
Bf2 55.Bc8 Be1 56.Bd7 Bf2 57.Be8 Ke7 58.Bb5 Kf6 59.f5 Bd4 60.Bc6 Bc3 61.
Be8 Bb4 62.fxg6 1/2-1/2

[Event "IV C.to Europeo a squadre femminile"]
[Site "Leon ESP"]
[Date "2001.11.06"]
[Round "1.1"]
[White "Sedina, Elena"]
[Black "Madl, Ildiko"]
[Result "1-0"]
[WhiteElo "2398"]
[BlackElo "2426"]
[Annotator "ITA-HUN"]
[PlyCount "95"]
[EventDate "2001.11.06"]

1.e4 c5 2.Nf3 d6 3.c3 Nf6 4.Be2 Nbd7 5.d3 b6 6.O-O Bb7 7.Nbd2 e6 8.Re1 Be7
9.Bf1 O-O 10.d4 cxd4 11.cxd4 Qc7 12.Bd3 Rac8 13.a3 Rfe8 14.Nf1 e5 15.Ng3 
exd4 16.Nxd4 d5 17.e5 Nxe5 18.Bf4 Nfd7 19.Nb5 Qb8 20.Bf5 Rc4 21.Bxd7 Rxf4 
22.Bxe8 Bc5 23.Nh1 Qxe8 24.b4 Qxb5 25.bxc5 Ng6 26.cxb6 axb6 27.Rb1 Qc6 28.
Qd2 h6 29.Ng3 Kh7 30.Ne2 Rc4 31.f3 Qc5+ 32.Kh1 Ba6 33.Rbc1 Rxc1 34.Qxc1 
Bc4 35.Ng3 Qf2 36.Qe3 Qb2 37.Nf5 b5 38.Qd4 Qxd4 39.Nxd4 Nf4 40.Rb1 Nd3 41.
Nxb5 Nf2+ 42.Kg1 Nd3 43.a4 Nc5 44.a5 Nb3 45.a6 Bxb5 46.a7 Bc6 47.Rxb3 d4 
48.Ra3 1-0

[Event "IV C.to Europeo a squadre femminile"]
[Site "Leon ESP"]
[Date "2001.11.08"]
[Round "3.1"]
[White "Sedina, Elena"]
[Black "Medic, Mirjana"]
[Result "1/2-1/2"]
[WhiteElo "2398"]
[BlackElo "2278"]
[Annotator "ITA-CRO"]
[PlyCount "76"]
[EventDate "2001.11.06"]

1.e4 e6 2.d4 d5 3.e5 c5 4.c3 Nc6 5.Nf3 Qb6 6.a3 c4 7.Nbd2 Na5 8.Be2 Bd7 9.
O-O Ne7 10.Rb1 h6 11.Qc2 O-O-O 12.b4 cxb3 13.Nxb3 Nxb3 14.Rxb3 Ba4 15.Rxb6
Bxc2 16.Rb2 Ba4 17.Ne1 Nc6 18.Nc2 Rd7 19.f4 Rc7 20.Nb4 Na5 21.f5 Rxc3 22.
Bd2 Rxa3 23.fxe6 fxe6 24.Nc2 Nc4 25.Bxc4 Bxc2 26.Bxd5 exd5 27.Rxc2+ Kd8 
28.Rf7 Ra1+ 29.Kf2 Be7 30.Rxg7 Ra4 31.Be3 h5 32.Rb2 b6 33.Rb5 Rf8+ 34.Ke2 
Ra2+ 35.Kd3 Ra3+ 36.Ke2 Ra2+ 37.Kd3 Ra3+ 38.Ke2 Ra2+ 1/2-1/2

[Event "IV C.to Europeo a squadre femminile"]
[Site "Leon ESP"]
[Date "2001.11.08"]
[Round "3.2"]
[White "Jelica, Mara"]
[Black "Decataldo, Alba"]
[Result "1-0"]
[WhiteElo "2193"]
[BlackElo "1887"]
[Annotator "ITA-CRO"]
[PlyCount "79"]
[EventDate "2001.11.06"]

1.e4 e5 2.Nf3 Nc6 3.Bb5 a6 4.Bxc6 dxc6 5.O-O Bg4 6.h3 Bh5 7.g4 Bg6 8.Nxe5 
Qh4 9.Qf3 Nf6 10.d3 O-O-O 11.Qg3 Qxg3+ 12.fxg3 Bd6 13.Bf4 Nd7 14.Nxg6 Bc5+
15.Kg2 hxg6 16.g5 f6 17.Nd2 Ne5 18.Bxe5 fxe5 19.Nf3 Rhe8 20.Nh4 Be3 21.
Nxg6 Bxg5 22.Rf5 Bf6 23.h4 c5 24.Kf3 Rd6 25.h5 Rde6 26.g4 Bd8 27.g5 b6 28.
Kg4 Kb7 29.Raf1 Kc6 30.Rf7 Rg8 31.Rf8 Re8 32.Rxg8 Rxg8 33.Nxe5+ Kd6 34.
Nf7+ Ke6 35.Nxd8+ Rxd8 36.g6 c6 37.Rf7 Rg8 38.Kg5 a5 39.Rc7 Kd6 40.Rxg7 
1-0

[Event "IV C.to Europeo a squadre femminile"]
[Site "Leon ESP"]
[Date "2001.11.09"]
[Round "4.1"]
[White "Hund, Barbara"]
[Black "Sedina, Elena"]
[Result "1/2-1/2"]
[WhiteElo "2279"]
[BlackElo "2398"]
[Annotator "ITA-SUI"]
[PlyCount "127"]
[EventDate "2001.11.06"]

1.e4 e6 2.d4 d5 3.Nc3 Nf6 4.Bg5 Be7 5.e5 Nfd7 6.Bxe7 Qxe7 7.f4 a6 8.Qd2 c5
9.Nf3 Nc6 10.g3 cxd4 11.Nxd4 O-O 12.O-O-O Nb6 13.Qf2 Qc5 14.Rd2 f6 15.exf6
Rxf6 16.Nxc6 Qxc6 17.Qd4 Bd7 18.Bd3 Rc8 19.Re1 Be8 20.g4 Bg6 21.g5 Rff8 
22.Rde2 Rce8 23.h4 Nc4 24.h5 Bxh5 25.Rh2 Bg6 26.Reh1 Qb6 27.Qxb6 Nxb6 28.
Bxg6 hxg6 29.Ne2 Nc4 30.b3 Nd6 31.Kd2 Kf7 32.Nd4 e5 33.Ne2 Ne4+ 34.Kc1 
exf4 35.Nxf4 Re5 36.Rd1 Rxg5 37.Nxd5 Rd8 38.Ne3 Rxd1+ 39.Kxd1 Rg1+ 40.Ke2 
Nc3+ 41.Kf2 Rg5 42.a4 Rh5 43.Rg2 b5 44.axb5 axb5 45.Kf3 Rh3+ 46.Kf4 Kf6 
47.Ng4+ Ke6 48.Kg5 Nd5 49.Re2+ Kd6 50.Rd2 b4 51.Kxg6 Rg3 52.Kh5 Kc5 53.Kh4
Rg1 54.Ne5 Ne3 55.Nd3+ Kb5 56.Re2 Nf5+ 57.Kh3 Rg3+ 58.Kh2 Re3 59.Rxe3 Nxe3
60.Kg3 Nxc2 61.Kg4 Nd4 62.Kg5 Ne6+ 63.Kf5 Nc5 64.Nc1 1/2-1/2

[Event "IV C.to Europeo a squadre femminile"]
[Site "Leon ESP"]
[Date "2001.11.10"]
[Round "5.1"]
[White "Gjergji, Rozana"]
[Black "Ambrosi, Eleonora"]
[Result "1-0"]
[WhiteElo "2026"]
[BlackElo "2095"]
[Annotator "ITA-ALB"]
[PlyCount "83"]
[EventDate "2001.11.06"]

1.e4 e6 2.d4 d5 3.e5 c5 4.c3 Nc6 5.f4 cxd4 6.cxd4 Qb6 7.Nf3 Nh6 8.Bd3 Bd7 
9.Bc2 Be7 10.Nc3 f5 11.a3 Rc8 12.O-O O-O 13.Kh1 a6 14.Na4 Qc7 15.Bd2 Be8 
16.Rc1 Bh5 17.Bb1 Qd8 18.Be3 Na5 19.Ba2 b5 20.Nc5 Bxc5 21.dxc5 Nc4 22.Bxc4
bxc4 23.Qa4 Bxf3 24.Rxf3 a5 25.Bd4 Qc7 26.b3 cxb3 27.Rxb3 Rb8 28.Rcb1 Rxb3
29.Qxb3 Rc8 30.Qb6 Kf7 31.h3 Ng8 32.Qa6 Ne7 33.Rb7 Qc6 34.Rb6 Qa4 35.Rxe6 
Qxd4 36.Rxe7+ Kxe7 37.Qxc8 Qd1+ 38.Kh2 Qd4 39.Qc7+ Kf8 40.Qd8+ Kf7 41.Qd7+
Kg6 42.Qe6+ 1-0

[Event "IV C.to Europeo a squadre femminile"]
[Site "Leon ESP"]
[Date "2001.11.10"]
[Round "5.2"]
[White "Decataldo, Alba"]
[Black "Vuji, Albana"]
[Result "1-0"]
[WhiteElo "1887"]
[BlackElo "2135"]
[Annotator "ITA-ALB"]
[PlyCount "55"]
[EventDate "2001.11.06"]

1.e4 e6 2.d4 d5 3.e5 c5 4.c3 Qb6 5.Nf3 Nc6 6.Bd3 Bd7 7.O-O cxd4 8.cxd4 Nb4
9.Be2 Ne7 10.a3 Nbc6 11.Qd3 Nf5 12.Rd1 Be7 13.Nc3 Rc8 14.Be3 Na5 15.Rab1 
Nc4 16.b4 Qa6 17.Bc1 O-O 18.g4 Nh4 19.Nxh4 Bxh4 20.Qh3 g5 21.Bd3 Qb6 22.
Bxg5 Nxe5 23.Bxh7+ Kg7 24.Bxh4 Nxg4 25.Qxg4+ Kxh7 26.Qh5+ Kg7 27.Rd3 Rxc3 
28.Rxc3 1-0

[Event "IV C.to Europeo a squadre femminile"]
[Site "Leon ESP"]
[Date "2001.11.11"]
[Round "6.2"]
[White "Ui Laighleis, Gearoidin"]
[Black "Decataldo, Alba"]
[Result "1/2-1/2"]
[WhiteElo "2041"]
[BlackElo "1887"]
[Annotator "ITA-IRL"]
[PlyCount "70"]
[EventDate "2001.11.06"]

1.d4 d5 2.Nf3 Nf6 3.e3 e6 4.Nbd2 c5 5.c3 Nc6 6.Bd3 Bd6 7.O-O O-O 8.Re1 e5 
9.dxe5 Nxe5 10.Nxe5 Bxe5 11.Nf3 Bc7 12.h3 Qd6 13.c4 Rd8 14.cxd5 Qxd5 15.
Bc2 Qh5 16.Qe2 b6 17.Nh2 Qe5 18.Nf3 Qh5 19.Nh2 Qe5 20.Nf3 Qe8 21.b3 Bb7 
22.Bb2 Ne4 23.Rad1 Qc6 24.Rxd8+ Rxd8 25.Rd1 Rxd1+ 26.Bxd1 Qd5 27.Qc2 h6 
28.Be2 Ng5 29.Qc3 Ne6 30.Nh4 Qg5 31.Nf3 Qg6 32.Bd3 Qh5 33.Be2 Qg6 34.Bd3 
Qh5 35.Be2 Qg6 1/2-1/2

[Event "IV C.to Europeo a squadre femminile"]
[Site "Leon ESP"]
[Date "2001.11.13"]
[Round "7.1"]
[White "Jackova, Jana"]
[Black "Sedina, Elena"]
[Result "0-1"]
[WhiteElo "2375"]
[BlackElo "2398"]
[Annotator "ITA-CZE"]
[PlyCount "78"]
[EventDate "2001.11.06"]

1.e4 e6 2.d4 d5 3.Nc3 Bb4 4.exd5 exd5 5.Bd3 Nc6 6.a3 Be7 7.Nce2 Nf6 8.h3 
O-O 9.Nf3 Be6 10.O-O Qd7 11.Bf4 Ne4 12.b4 a6 13.c4 h6 14.Qc1 Ng5 15.Bxg5 
hxg5 16.cxd5 Qxd5 17.Nc3 Qd8 18.Qe3 Bf6 19.Rad1 Bb3 20.Rb1 Re8 21.Qd2 Bd5 
22.Ne5 Nxe5 23.dxe5 Rxe5 24.Rfd1 Bc6 25.Qa2 Qe7 26.Ne2 Re8 27.Ng3 Bd5 28.
Qc2 g6 29.Rdc1 c6 30.a4 Re6 31.b5 axb5 32.axb5 Bd4 33.bxc6 bxc6 34.Qd2 Be5
35.Ne2 Qf6 36.Qc2 Bd6 37.Re1 g4 38.hxg4 Qh4 39.f3 Bf4 0-1

[Event "IV C.to Europeo a squadre femminile"]
[Site "Leon ESP"]
[Date "2001.11.13"]
[Round "7.2"]
[White "Decataldo, Alba"]
[Black "Sikorova, Olga"]
[Result "0-1"]
[WhiteElo "1887"]
[BlackElo "2288"]
[Annotator "ITA-CZE"]
[PlyCount "66"]
[EventDate "2001.11.06"]

1.e4 d5 2.exd5 Nf6 3.d4 Nxd5 4.c4 Nb6 5.Nf3 Bg4 6.Be2 e6 7.O-O Nc6 8.Nc3 
Be7 9.d5 exd5 10.cxd5 Bxf3 11.Bxf3 Ne5 12.Be4 O-O 13.Qh5 Ng6 14.Re1 Nd7 
15.Qh3 Nf6 16.Bxg6 hxg6 17.Bf4 Bb4 18.Red1 Re8 19.Nb5 Ba5 20.Rac1 Nxd5 21.
Bxc7 Qg5 22.Qg3 Bd2 23.Rc5 Qe7 24.Qd3 Qxc5 25.Bd6 Qb6 26.Qxd2 Qxb5 27.Ba3 
Re2 28.Qg5 Rae8 29.h3 Nc3 30.Qxb5 Nxb5 31.Bc5 Re1+ 32.Rxe1 Rxe1+ 33.Kh2 b6
0-1

[Event "IV C.to Europeo a squadre femminile"]
[Site "Leon ESP"]
[Date "2001.11.14"]
[Round "8.1"]
[White "Sedina, Elena"]
[Black "Ingolfsdottir, Harpa"]
[Result "1-0"]
[WhiteElo "2398"]
[BlackElo "2005"]
[Annotator "ITA-ISL"]
[PlyCount "87"]
[EventDate "2001.11.06"]

1.e4 e6 2.d3 d5 3.Nd2 Nf6 4.Ngf3 Be7 5.g3 b6 6.Bg2 Bb7 7.O-O O-O 8.e5 Nfd7
9.Re1 c5 10.h4 Nc6 11.Nf1 h6 12.N1h2 f6 13.exf6 Bxf6 14.Rxe6 Nde5 15.Nxe5 
Nxe5 16.Bf4 Ng6 17.Bd6 Rf7 18.h5 Nf8 19.Bxf8 Qxf8 20.c3 Qc8 21.Qe2 d4 22.
c4 Bxg2 23.Kxg2 Bg5 24.f4 Qb7+ 25.Qe4 Qxe4+ 26.Rxe4 Be7 27.Nf3 Bd6 28.Nh4 
Rb8 29.Rae1 a6 30.Re8+ Rf8 31.R8e6 Rfd8 32.b3 b5 33.Nf5 Bf8 34.Rxa6 bxc4 
35.bxc4 Rb2+ 36.Kf3 Rd2 37.Ra3 Rb8 38.Ne7+ Kf7 39.Ra7 Rxd3+ 40.Kg4 Ra3 41.
Rxa3 Bxe7 42.Ra7 Re8 43.Kf3 Kf6 44.a4 1-0

[Event "IV C.to Europeo a squadre femminile"]
[Site "Leon ESP"]
[Date "2001.11.15"]
[Round "9.2"]
[White "Decataldo, Alba"]
[Black "Srebrnic, Ana"]
[Result "0-1"]
[WhiteElo "1887"]
[BlackElo "2172"]
[Annotator "ITA-SLO"]
[PlyCount "68"]
[EventDate "2001.11.06"]

1.e4 d6 2.d4 Nf6 3.Nc3 g6 4.Nf3 Bg7 5.Be2 O-O 6.O-O c6 7.a4 Qc7 8.a5 e5 9.
dxe5 dxe5 10.Bg5 Nbd7 11.Bc4 Nc5 12.Re1 Be6 13.Bxe6 Nxe6 14.Bd2 Rad8 15.
Qc1 Rfe8 16.Bh6 Nd4 17.Nxd4 exd4 18.Bxg7 Kxg7 19.Ne2 Rxe4 20.Ng3 Rxe1+ 21.
Qxe1 Qf4 22.h3 h5 23.Qb4 h4 24.Nh1 Qc7 25.Qc5 b6 26.Qg5 Rh8 27.b4 Rh5 28.
axb6 Qxb6 29.Qd2 Rb5 30.Qf4 Rxb4 31.Qd2 a5 32.f3 d3+ 33.Kh2 Qb8+ 34.Kg1 
Rb1+ 0-1

[Event "VII Torneo Internazionale"]
[Site "Montecatini Terme ITA"]
[Date "2001.11.04"]
[Round "1"]
[White "Drei, Andrea"]
[Black "Mukic, Josko"]
[Result "0-1"]
[WhiteElo "2250"]
[BlackElo "2362"]
[PlyCount "48"]
[EventDate "2001.11.04"]

1. e4 d5 2. exd5 Qxd5 3. Nc3 Qa5 4. d4 c6 5. Bc4 Bf5 6. Bd2 Nf6 7. Nd5 Qd8 8.
Nxf6+ gxf6 9. c3 e6 10. Ne2 h5 11. Ng3 Bg6 12. h4 Qb6 13. Qe2 Be7 14. Bf4 Nd7
15. O-O-O Qa5 16. Rhe1 O-O-O 17. Ne4 e5 18. Bg3 f5 19. Nd2 f4 20. Bxf4 Ba3 21.
Ne4 Bxe4 22. Qxe4 Qxc3+ 23. Qc2 Bxb2+ 24. Kb1 exf4 0-1

[Event "VII Torneo Internazionale"]
[Site "Montecatini Terme ITA"]
[Date "2001.11.04"]
[Round "1"]
[White "Metrangolo, Antonio"]
[Black "Brancaleoni, Maurizio"]
[Result "0-1"]
[WhiteElo "2191"]
[BlackElo "2196"]
[PlyCount "88"]
[EventDate "2001.11.04"]

1. c4 e6 2. Nf3 Nf6 3. g3 d5 4. b3 Be7 5. Bb2 O-O 6. Bg2 b6 7. O-O Bb7 8. Ne5
Nbd7 9. f4 Ne4 10. Nc3 Nxe5 11. fxe5 Nxc3 12. Bxc3 Rb8 13. d4 c5 14. e3 Ba6 15.
Qg4 dxc4 16. d5 cxb3 17. Rfd1 Bc8 18. axb3 exd5 19. e6 d4 20. exf7+ Rxf7 21.
Qh5 Rf5 22. Qe2 Re5 23. Rxa7 Bg5 24. e4 Be6 25. h4 Bxb3 26. hxg5 Bxd1 27. Qc4+
Kh8 28. Bd2 Ra8 29. Rxa8 Qxa8 30. Bf4 Re8 31. Qd3 Ba4 32. e5 Bc6 33. Bf1 Be4
34. Qb5 Qc6 35. Qc4 Bd5 36. Qe2 Qg6 37. Qb5 Bb7 38. Qd7 Qc6 39. Qh3 Qe4 40. Qh5
Ra8 41. Qh3 Ra1 42. e6 d3 43. Bd2 Qd4+ 44. Kh2 Qf2+ 0-1

[Event "VII Torneo Internazionale"]
[Site "Montecatini Terme ITA"]
[Date "2001.11.04"]
[Round "1"]
[White "Mrdja, Milan"]
[Black "Ivanov, Jordan"]
[Result "1/2-1/2"]
[WhiteElo "2380"]
[BlackElo "2446"]
[PlyCount "26"]
[EventDate "2001.11.04"]

1. e4 c5 2. Nf3 Nc6 3. Bb5 e6 4. Bxc6 bxc6 5. O-O f6 6. Re1 Nh6 7. d4 Nf7 8.
Nc3 cxd4 9. Nxd4 Be7 10. b3 O-O 11. Bb2 Bb7 12. Qe2 Re8 13. Rad1 Bf8 1/2-1/2

[Event "VII Torneo Internazionale"]
[Site "Montecatini Terme ITA"]
[Date "2001.11.04"]
[Round "1"]
[White "Vismara, Daniele"]
[Black "Vignato, Giovanni"]
[Result "1-0"]
[WhiteElo "2365"]
[BlackElo "2123"]
[PlyCount "115"]
[EventDate "2001.11.04"]

1. Nf3 d5 2. d4 e6 3. c4 c6 4. e3 f5 5. Be2 Nf6 6. O-O Bd6 7. b3 Qe7 8. Bb2 O-O
9. Qc1 Nbd7 10. Ba3 c5 11. cxd5 exd5 12. dxc5 Nxc5 13. Nc3 Bd7 14. Rd1 Rac8 15.
Qd2 Nce4 16. Nxd5 Bxh2+ 17. Nxh2 Qxa3 18. Nxf6+ Nxf6 19. Nf3 Qe7 20. Qd4 a6 21.
Rac1 h6 22. Ne5 Rxc1 23. Rxc1 Rc8 24. Rd1 Be6 25. Qd6 Qxd6 26. Rxd6 Rc1+ 27.
Kh2 Bd5 28. Bd3 Be4 29. Bc4+ Kh7 30. f3 Bb1 31. Bf7 Rc8 32. a4 Bc2 33. Rd2 g5
34. Be6 Rc5 35. Nd7 Nxd7 36. Rxc2 Kg6 37. Rd2 Nf6 38. Rd6 Rc6 39. Rxc6 bxc6 40.
b4 Ne8 41. Bd7 Nd6 42. Bxc6 Kf6 43. a5 Ke5 44. b5 axb5 45. a6 Nc8 46. Bxb5 Na7
47. Be8 f4 48. e4 g4 49. fxg4 Kxe4 50. Kh3 Ke3 51. Bf7 Kd4 52. Kh4 Kc5 53. Kh5
Kb6 54. Bc4 Nc6 55. Kxh6 Nd4 56. g5 Nf5+ 57. Kh7 Ne3 58. g6 1-0

[Event "VII Torneo Internazionale"]
[Site "Montecatini Terme ITA"]
[Date "2001.11.04"]
[Round "2"]
[White "Brancaleoni, Maurizio"]
[Black "Drei, Andrea"]
[Result "1/2-1/2"]
[WhiteElo "2196"]
[BlackElo "2250"]
[PlyCount "68"]
[EventDate "2001.11.04"]

1. e4 c5 2. b3 b6 3. d4 cxd4 4. Nf3 Bb7 5. Qxd4 Nc6 6. Qd2 Nf6 7. e5 Ne4 8. Qd5
Nc5 9. Bb2 Nb4 10. Qd2 e6 11. a3 Nd5 12. Be2 Ne4 13. Qc1 g5 14. h4 Nf4 15. hxg5
Nxe2 16. Kxe2 Bc5 17. Bd4 Bxd4 18. Nxd4 Qc7 19. Qf4 Qc5 20. Rd1 Rg8 21. f3 Nxg5
22. c4 O-O-O 23. Nb5 Ne4 24. fxe4 Rxg2+ 25. Kd3 Rdg8 26. Nd6+ Kb8 27. Nd2 R8g3+
28. Kc2 Qd4 29. Kb1 Qd3+ 30. Kc1 Qc3+ 31. Kb1 Rf2 32. Qxf2 Qd3+ 33. Kc1 Qc3+
34. Kb1 Qd3+ 1/2-1/2

[Event "VII Torneo Internazionale"]
[Site "Montecatini Terme ITA"]
[Date "2001.11.04"]
[Round "2"]
[White "Inkiov, Ventzislav V."]
[Black "Mrdja, Milan"]
[Result "1/2-1/2"]
[WhiteElo "2500"]
[BlackElo "2380"]
[PlyCount "20"]
[EventDate "2001.11.04"]

1. d4 g6 2. c4 Bg7 3. Nc3 d6 4. e4 Nd7 5. Nf3 e5 6. Be2 Ne7 7. O-O O-O 8. Re1
h6 9. Bf1 Kh7 10. Be3 a6 1/2-1/2

[Event "VII Torneo Internazionale"]
[Site "Montecatini Terme ITA"]
[Date "2001.11.04"]
[Round "2"]
[White "Ivanov, Jordan"]
[Black "Metrangolo, Antonio"]
[Result "1/2-1/2"]
[WhiteElo "2446"]
[BlackElo "2191"]
[PlyCount "25"]
[EventDate "2001.11.04"]

1. Nf3 Nf6 2. c4 c6 3. Nc3 d5 4. e3 Bg4 5. cxd5 Nxd5 6. Qb3 Qb6 7. Nxd5 Qxb3 8.
Nc7+ Kd8 9. axb3 Kxc7 10. Ne5 Bh5 11. Bc4 e6 12. d4 Nd7 13. Nxd7 1/2-1/2

[Event "VII Torneo Internazionale"]
[Site "Montecatini Terme ITA"]
[Date "2001.11.04"]
[Round "2"]
[White "Mukic, Josko"]
[Black "Vismara, Daniele"]
[Result "1-0"]
[WhiteElo "2362"]
[BlackElo "2365"]
[PlyCount "97"]
[EventDate "2001.11.04"]

1. e4 c5 2. Nf3 d6 3. c3 Nf6 4. g3 Nc6 5. d3 Bg4 6. Bg2 d5 7. Nbd2 dxe4 8. dxe4
Qd3 9. h3 Bxf3 10. Bxf3 O-O-O 11. Qe2 Ne5 12. Qxd3 Nxd3+ 13. Ke2 e5 14. Nc4 b5
15. Ne3 Kb7 16. a4 a6 17. Rd1 c4 18. b3 Nxc1+ 19. Rdxc1 cxb3 20. Rcb1 bxa4 21.
Rxa4 Ka7 22. Rxb3 Bc5 23. Rb2 Bxe3 24. Kxe3 Nd7 25. Be2 Nc5 26. Ra5 Rc8 27. Bc4
Rhd8 28. Bd5 Rd7 29. c4 f6 30. f4 Rcc7 31. fxe5 fxe5 32. Rbb5 Nb7 33. Bxb7 Rxb7
34. Rxb7+ Kxb7 35. Rxe5 Kb6 36. Rd5 Rf7 37. Kd4 Rf1 38. Rd6+ Ka5 39. e5 Kb4 40.
Rb6+ Ka5 41. Rb3 Rf8 42. e6 Re8 43. Ke5 g5 44. c5 h5 45. c6 g4 46. hxg4 hxg4
47. c7 Rc8 48. Kd6 Rf8 49. Rb8 1-0

[Event "VII Torneo Internazionale"]
[Site "Montecatini Terme ITA"]
[Date "2001.11.04"]
[Round "2"]
[White "Vignato, Giovanni"]
[Black "Sciortino, Massimo"]
[Result "0-1"]
[WhiteElo "2123"]
[BlackElo "2201"]
[PlyCount "80"]
[EventDate "2001.11.04"]

1. d4 f5 2. e3 Nf6 3. f4 e6 4. Nf3 b6 5. Bd3 Bb7 6. O-O Be7 7. c4 O-O 8. Nc3
Ne4 9. Qc2 Nxc3 10. bxc3 Nc6 11. e4 g6 12. e5 Na5 13. Be3 c5 14. Nd2 d5 15.
cxd5 Qxd5 16. Nf3 cxd4 17. cxd4 Rac8 18. Qe2 Ba3 19. Bf2 Nc4 20. Bh4 h6 21. Bf6
Rf7 22. Qf2 Rfc7 23. Bxc4 Rxc4 24. Qh4 Bf8 25. Qg3 Kf7 26. Nh4 Qxd4+ 27. Kh1 g5
28. Nf3 Bxf3 29. Qxf3 g4 30. Qe2 Rc2 31. Qb5 Qd5 32. Qxd5 exd5 33. Rfd1 Ke6 34.
g3 Ba3 35. Rd3 Rc1+ 36. Rxc1 Rxc1+ 37. Kg2 Bc5 38. h4 Rc2+ 39. Kh1 Rxa2 40. h5
Ra3 0-1

[Event "VII Torneo Internazionale"]
[Site "Montecatini Terme ITA"]
[Date "2001.11.05"]
[Round "3"]
[White "Metrangolo, Antonio"]
[Black "Inkiov, Ventzislav V."]
[Result "0-1"]
[WhiteElo "2191"]
[BlackElo "2500"]
[PlyCount "70"]
[EventDate "2001.11.04"]

1. d4 Nf6 2. Nf3 e6 3. Nbd2 c5 4. e3 d5 5. c3 Nc6 6. Bd3 Bd6 7. O-O O-O 8. Re1
e5 9. dxe5 Nxe5 10. Nxe5 Bxe5 11. Nf3 Bc7 12. c4 Be6 13. Qc2 Bg4 14. Ng5 h6 15.
Nh7 Nxh7 16. Bxh7+ Kh8 17. Bf5 Bxf5 18. Qxf5 Qd6 19. Qxd5 Qxh2+ 20. Kf1 Ba5 21.
b4 Bxb4 22. Rd1 Bc3 23. Rb1 b6 24. Rb3 Bf6 25. g3 Rad8 26. Qf3 Qh1+ 27. Qxh1
Rxd1+ 28. Kg2 Rxh1 29. Kxh1 Rd8 30. Bb2 Rd1+ 31. Kg2 Bxb2 32. Rxb2 Rc1 33. a4
Rxc4 34. a5 Rb4 35. Rc2 c4 0-1

[Event "VII Torneo Internazionale"]
[Site "Montecatini Terme ITA"]
[Date "2001.11.05"]
[Round "3"]
[White "Naumkin, Igor"]
[Black "Vignato, Giovanni"]
[Result "1-0"]
[WhiteElo "2414"]
[BlackElo "2123"]
[PlyCount "103"]
[EventDate "2001.11.04"]

1. d4 f5 2. g3 Nf6 3. Bg2 e6 4. Nf3 d5 5. c4 c6 6. O-O Bd6 7. b3 Qe7 8. Bb2 O-O
9. Nbd2 Bd7 10. Ne5 Be8 11. Ndf3 Bh5 12. Nd3 Nbd7 13. Nfe5 Rad8 14. Qc2 g5 15.
f3 Qg7 16. b4 Kh8 17. Nc5 Nxc5 18. dxc5 Bb8 19. cxd5 cxd5 20. e3 f4 21. exf4
gxf4 22. gxf4 d4 23. Rae1 Rd5 24. Kh1 Rg8 25. Qf2 Nd7 26. Nxd7 Rxd7 27. Bh3
Bxf4 28. Bxe6 Qh6 29. Bxd4+ Rgg7 30. Bxg7+ Rxg7 31. Bg4 Bf7 32. Rd1 Qg5 33. Qd4
Bc7 34. Rg1 Qh6 35. Rg2 Be8 36. Be6 a6 37. Qxg7+ Qxg7 38. Rxg7 Kxg7 39. Bc8 Ba4
40. Rg1+ Kf6 41. Bxb7 Bb5 42. Be4 Be5 43. Bxh7 Bc3 44. Rc1 Be5 45. c6 Bc7 46.
Be4 Ke5 47. h4 Kf4 48. Rg1 Bb6 49. Rg4+ Ke3 50. h5 a5 51. bxa5 Bc7 52. h6 1-0

[Event "VII Torneo Internazionale"]
[Site "Montecatini Terme ITA"]
[Date "2001.11.05"]
[Round "3"]
[White "Sciortino, Massimo"]
[Black "Mukic, Josko"]
[Result "0-1"]
[WhiteElo "2201"]
[BlackElo "2362"]
[PlyCount "88"]
[EventDate "2001.11.04"]

1. e4 d5 2. exd5 Qxd5 3. Nc3 Qa5 4. d4 c6 5. Nf3 Nf6 6. Bd2 Bf5 7. Bc4 e6 8.
Qe2 Bb4 9. O-O-O Nbd7 10. Nh4 Bg4 11. f3 Bxc3 12. bxc3 Bh5 13. g4 Bg6 14. Bb3
Nb6 15. Kb1 Na4 16. Qc4 Nb6 17. Qb4 Qa6 18. c4 O-O-O 19. Bf4 Rd7 20. Ng2 h5 21.
g5 Ne8 22. Rhe1 h4 23. Re5 Na8 24. d5 Nac7 25. Ne3 f6 26. Rxe6 Nxe6 27. dxe6
Rxd1+ 28. Nxd1 Qb6 29. Qa4 Qd4 30. c5 Qxd1+ 31. Kb2 a6 32. c3 Qd8 33. Bc4 Nc7
34. Bd6 Re8 35. gxf6 gxf6 36. Bf1 Bf5 37. e7 Rxe7 38. Qf4 Bd7 39. Qxh4 Re8 40.
Bd3 Nd5 41. Qa4 Nc7 42. h4 Nb5 43. Bg3 Rg8 44. Bxb5 Rxg3 0-1

[Event "VII Torneo Internazionale"]
[Site "Montecatini Terme ITA"]
[Date "2001.11.05"]
[Round "3"]
[White "Vismara, Daniele"]
[Black "Brancaleoni, Maurizio"]
[Result "1-0"]
[WhiteElo "2365"]
[BlackElo "2196"]
[PlyCount "99"]
[EventDate "2001.11.04"]

1. Nf3 d5 2. d4 Nf6 3. c4 e6 4. Nc3 dxc4 5. e3 a6 6. Bxc4 b5 7. Bd3 Bb7 8. O-O
c5 9. dxc5 Bxc5 10. e4 b4 11. Na4 Be7 12. e5 Nd5 13. h4 h6 14. Qe2 g5 15. h5
Nd7 16. Bd2 Qb8 17. Rfe1 Qa7 18. Nh2 Bc6 19. b3 Qb7 20. Rac1 Bb5 21. Ng4 Rd8
22. Qf3 Bxd3 23. Qxd3 Nxe5 24. Nxe5 Nf4 25. Qf3 Qxf3 26. Nxf3 Nd3 27. Be3 Nxe1
28. Rxe1 Rc8 29. Re2 O-O 30. Nb6 Rcd8 31. g3 Rd1+ 32. Kg2 Rfd8 33. Ne5 a5 34.
Nc6 Re8 35. Nc4 Bf8 36. N4xa5 f5 37. Bd2 Ra8 38. Be3 e5 39. Nc4 f4 40. Bb6 g4
41. Re4 Rxa2 42. gxf4 g3 43. fxe5 gxf2 44. Rg4+ Kh7 45. Bxf2 Bc5 46. Rf4 Rd3
47. e6 Rxb3 48. e7 Bxe7 49. Nxe7 Kg7 50. Ne5 1-0

[Event "VII Torneo Internazionale"]
[Site "Montecatini Terme ITA"]
[Date "2001.11.06"]
[Round "4"]
[White "Brancaleoni, Maurizio"]
[Black "Sciortino, Massimo"]
[Result "1/2-1/2"]
[WhiteElo "2196"]
[BlackElo "2201"]
[PlyCount "44"]
[EventDate "2001.11.04"]

1. Nf3 d6 2. d4 f5 3. Nc3 Nf6 4. Qd3 d5 5. Bf4 c6 6. Ne5 g6 7. Qd2 Bg7 8. Bh6
O-O 9. Bxg7 Kxg7 10. e3 Be6 11. Be2 Nbd7 12. Nxd7 Qxd7 13. f4 b5 14. O-O a5 15.
a4 b4 16. Nd1 Ne4 17. Qd3 Qd6 18. Nf2 Nf6 19. Rfc1 Rfb8 20. h3 c5 21. dxc5 Qxc5
22. Qd4 Qxd4 1/2-1/2

[Event "VII Torneo Internazionale"]
[Site "Montecatini Terme ITA"]
[Date "2001.11.06"]
[Round "4"]
[White "Mrdja, Milan"]
[Black "Metrangolo, Antonio"]
[Result "1-0"]
[WhiteElo "2380"]
[BlackElo "2191"]
[PlyCount "75"]
[EventDate "2001.11.04"]

1. e4 c5 2. Nf3 e6 3. d4 cxd4 4. Nxd4 a6 5. Bd3 Nc6 6. Nxc6 dxc6 7. Nd2 e5 8.
Qh5 Qc7 9. Nc4 Bd6 10. Qg5 g6 11. Bd2 Be6 12. Ba5 Qe7 13. Qxe7+ Kxe7 14. Nxd6
Kxd6 15. O-O-O Ke7 16. Bb4+ Ke8 17. Bc3 f6 18. Be2 Kf7 19. Rd6 Ne7 20. Rhd1 Nc8
21. R6d2 c5 22. g3 g5 23. f4 gxf4 24. gxf4 exf4 25. e5 Ne7 26. exf6 Nc6 27.
Bh5+ Kf8 28. f7 Nd4 29. Bxd4 cxd4 30. Rxd4 Kg7 31. Rxf4 Rhf8 32. Rg1+ Kh8 33.
Rf6 Bd5 34. Rd1 Kg7 35. Rf4 Rad8 36. Rfd4 Bxf7 37. Rxd8 Bxh5 38. R8d7+ 1-0

[Event "VII Torneo Internazionale"]
[Site "Montecatini Terme ITA"]
[Date "2001.11.06"]
[Round "4"]
[White "Mukic, Josko"]
[Black "Naumkin, Igor"]
[Result "0-1"]
[WhiteElo "2362"]
[BlackElo "2414"]
[PlyCount "72"]
[EventDate "2001.11.04"]

1. d4 e6 2. e4 d5 3. exd5 exd5 4. c4 Nf6 5. Nc3 Bb4 6. Nf3 O-O 7. Be2 dxc4 8.
Bxc4 Nbd7 9. O-O Nb6 10. Bb3 Nbd5 11. Qd3 Be7 12. Re1 c6 13. h3 Be6 14. Bg5 Nc7
15. Bc2 g6 16. Qd2 Re8 17. Rad1 Nfd5 18. Bh6 Bf6 19. Ne4 Bg7 20. Nc5 Rb8 21.
Bg5 Bf6 22. Re5 b6 23. Ne4 Bxg5 24. Rxg5 f6 25. Rg3 Re7 26. Nh4 Rg7 27. f4 f5
28. Ng5 h6 29. Ngf3 Qf6 30. Re1 Kh7 31. Re5 Rbg8 32. Ng5+ hxg5 33. Rxg5 Kh8 34.
g4 Rh7 35. Qf2 Nxf4 36. Qxf4 Rxh4 0-1